000 01048nam a2200253Ia 4500
003 OSt
005 20220923211349.0
006 a|||||r|||| 00| 0
007 ta
008 220922b |||||||| |||| 00| 0 hin d
020 _a9788185999746 (hbk)
_c595
024 _a265,820
037 _b371, 11/02/2011, Swaraj Prakashan
_cTextual
040 _aARTS
_cARTS
_bhin
041 _2hin
_ahin
082 _aO152,1M83w, P9
100 _aशुक्ल, चंद्रशेखर; मिश्र, विश्वनाथ प्रसाद, संपा.
_9160305
245 0 _aरामचन्द्र शुक्ल
_b जीवनी
246 _aRāmachandra shukla: jīvanī
260 _aदिल्ली
_b स्वराज प्रकाशन
_c2009
300 _a332पृ.
_ccm.
942 _hO152,1M83w, P9
_cTEXL
_2CC
999 _c298802
_d298802